000 00389nam a2200157Ia 4500
008 210210b1972 xxu||||| |||| 00| 0 eng d
020 _a7069 0217 3
082 _a512 SINM
100 _aSING (Surjeet) & ZAMEERUDDIN (Qazi).
245 _aModern algebra.
260 _aDelhi
_bVikas Publishing
_c1972
300 _a347
650 _aModern algebra
690 _aAlgebra
906 _a032044
999 _c83181
_d83181